| 000 | 00756nam a2200229Ia 4500 | ||
|---|---|---|---|
| 003 | GCL | ||
| 008 | 140319s9999 xx 000 0 ara d | ||
| 020 | _a3201232977 | ||
| 040 |
_aGCL / _cGCL |
||
| 082 | 0 | 4 |
_a746.92 _bث ا |
| 100 | 1 | _aثريا نصر | |
| 245 | 1 | 0 |
_aازياء النساء فى العصر العثمانى / _cثريا نصر |
| 250 | _aالاولى | ||
| 260 |
_aالقاهرة : _bعالم الكتب الحديث ، _c2000 |
||
| 300 |
_a374 ؛ _c30 سم |
||
| 650 | 0 | 4 | _aتصميم الازياء |
| 650 | 0 | 4 | _aالازياء - تاريخ |
| 650 | 0 | 4 | _aالازياء - تاريخ - العصر العثمانى |
| 650 | 0 | 4 | _aالمرأة العاملة - ازياء |
| 650 | 0 | 4 | _aازياء النساء |
| 942 |
_2ddc _cBK |
||
| 999 |
_c42671 _d42671 |
||